Clinical cytometry

Αποθηκεύτηκε σε:
Λεπτομέρειες βιβλιογραφικής εγγραφής
Συλλογικό Έργο: Society for Analytical Cytology (U.S.), Engineering Foundation (U.S.)
Άλλοι συγγραφείς: Andreeff, Michael (Επιμελητής έκδοσης)
Μορφή: Βιβλίο
Γλώσσα:English
Δημοσίευση: New York : New York Academy of Sciences, 1986
Σειρά:Annals of the New York Academy of Sciences ; ; 468
Θέματα:
Ετικέτες: Προσθήκη ετικέτας
Δεν υπάρχουν, Καταχωρήστε ετικέτα πρώτοι!

MARC

LEADER 00000cam a2200000 i 4500
001 1/6283
008 000612s1986 eng d
020 |a 0-89766-331-4 
035 |l 10061878 
040 |a GR-MY-UA  |b gre  |e aacr 
041 0 |a eng 
082 0 |a 616.07582 
245 1 0 |a Clinical cytometry /  |c edited by Michael Andreeff 
260 |a New York :   |b New York Academy of Sciences,   |c 1986 
300 |a 408 p.  |b fig., tabl. 
490 1 |a Annals of the New York Academy of Sciences  |v ; 468 
500 |a "The papers of this volume were presented at a conference entitled Clinical cytometry, which was held by the Engineering Foundation and the Society for Analytical Cytology on December 7-12, 1983, at the Cloister, Sea Island, Georgia" 
504 |a Includes bibliographical references and index 
650 0 0 |a Flow cytometry  |x Congresses. 
650 0 0 |a Flow cytometry  |x Diagnostic use  |x Congresses. 
650 0 0 |a Cancer cells  |x Identification  |x Congresses. 
700 1 |a Andreeff, Michael.  |4 edt 
710 2 |a Society for Analytical Cytology (U.S.) 
710 2 |a Engineering Foundation (U.S.) 
830 0 |a Annals of the New York Academy of Sciences ;  |v ; 468 
852 |a INST  |b LESVOS  |e 20000612  |h 616.07582 CLI  |p 005100023536  |q 005100023536  |t BK  |y 0 
901 |a BIBL1-2000-2 
909 |a Λ  |b 072997 
970 |z 2000/06/ΜΠΡΑΤΤΗΣ